| 000 | 00622nam a2200181 i 4500 | ||
|---|---|---|---|
| 001 | 28819 | ||
| 003 | ES-MaACL | ||
| 005 | 20230906153932.0 | ||
| 007 | t| | ||
| 008 | 030120s1984 sp ||||1| spa d | ||
| 100 | 1 |
_aBarbancho, Alfonso G. _925380 |
|
| 245 | 1 | 0 |
_aEstadística teórica / _cpreparada por Alfonso G. Barbancho, Vicente Lozano López. |
| 260 |
_aMadrid : _bUniversidad Nacional de Educación a Distancia, Facultad de Ciencias Económicas y Empresariales, _c[1984] |
||
| 300 |
_a399 p. ; _c30 cm. |
||
| 650 | 0 | 4 |
_aEstadística. _912520 |
| 700 | 1 |
_aLozano López, Vicente. _974452 |
|
| 852 |
_aES-MaACL _jL-7010 |
||
| 999 |
_c28819 _d28819 |
||